Daň na ubytovanie

Uložené v:
Podrobná bibliografia
Hlavný autor: Pavelka, Ľuboš, 1962-
Médium: Kapitola
Jazyk:Slovak
Tagy: Pridať tag
Žiadne tagy, Buďte prvý, kto otaguje tento záznam!

MARC

LEADER 00000naa a2200000 4500
001 0241304
005 20240502073928.9
041 0 |a slo 
044 |a SK 
245 1 0 |a Daň na ubytovanie  |c Ľuboš Pavelka 
100 1 |a Pavelka, Ľuboš, 1962-